Derechos fundamentales: homenaje al Profesor Patricio Novoa Fuenzalida
Saved in:
| Corporate Authors: | , |
|---|---|
| Format: | Book |
| Language: | Spanish |
| Published: |
Santiago
Sociedad Chilena de Derecho del Trabajo y de la Seguridad Social
2004
|
| Series: | Anuario de Derecho del Trabajo y Seguridad Social, 3
|
| Subjects: | |
| Tags: |
Add Tag
No Tags, Be the first to tag this record!
|
MARC
| LEADER | 00000nam a2200000 a 4500 | ||
|---|---|---|---|
| 001 | UCK4700 | ||
| 003 | CL-VaPUC | ||
| 008 | 050617e20040000cl |||||||||||||||||spa|d | ||
| 082 | 0 | 4 | |a 323.4 |b SOC |2 21 |
| 110 | 2 | |a Sociedad Chilena de Derecho del Trabajo y de la Seguridad Social |e author |9 493317 | |
| 710 | 2 | |a Gobierno de Chile |e author |9 493318 | |
| 245 | 1 | 0 | |a Derechos fundamentales: homenaje al Profesor Patricio Novoa Fuenzalida |
| 300 | |a 448 p | ||
| 942 | |c BK | ||
| 945 | |d 20050617 00:00:00 |a cmena | ||
| 260 | |a Santiago |b Sociedad Chilena de Derecho del Trabajo y de la Seguridad Social |c 2004 | ||
| 650 | 0 | |a Derecho constitucional |9 222588 | |
| 650 | 0 | |a Derechos humanos |9 223025 | |
| 650 | 0 | |a Constitución política |9 336925 | |
| 650 | 7 | |a DERECHO LABORAL |2 CL-VaPUC |9 15 | |
| 650 | 0 | |a Jurisprudencia |9 255952 | |
| 650 | 0 | |a Soberanía |9 266726 | |
| 650 | 0 | |a Derecho natural |9 255041 | |
| 650 | 0 | |a Derecho público |9 255910 | |
| 651 | 7 | |a CHILE |2 CL-VaPUC |9 493319 | |
| 583 | |a last modification |c 20171213 02:29:38 |k Rodrigo Vera | ||
| 490 | 0 | |a Anuario de Derecho del Trabajo y Seguridad Social, 3 | |
| 999 | |c 313513 |d 313511 | ||
| 952 | |0 0 |1 0 |4 0 |6 323_400000000000000_SOC_2004 |7 0 |8 A |9 384901 |a BIBDER |b BIBDER |d 2019-11-22 |i 4139828 |o 323.4 SOC 2004 |p 4139828 |r 2023-01-25 |w 2019-11-22 |y BK |k DER | ||